[Event "Vojvodina-chT"]
[Site "Pancevo"]
[Date "2005.10.05"]
[Round "4"]
[White "Radlovacki, Jovan"]
[Black "Cernicek, Djura"]
[Result "1-0"]
[WhiteElo "2379"]
[BlackElo "2149"]
[PlyCount "93"]
[EventDate "2005.10.03"]
[EventType "team"]
[EventRounds "9"]
[EventCountry "YUG"]
[SourceTitle "CBM 108 Extra"]
[Source "ChessBase"]
[SourceDate "2005.11.04"]
[SourceVersion "1"]
[SourceVersionDate "2005.11.04"]
[SourceQuality "1"]

1. e4 g6 2. d4 d6 3. Be3 Bg7 4. Qd2 Nf6 5. f3 h5 6. Bd3 c6 7. Ne2 e5 8. Nbc3 b5 9. dxe5 dxe5 10. a4 b4 11. Na2 a5 12. c3 bxc3 13. Qxc3 0-0 14. 0-0 Nd5 15. exd5 e4 16. fxe4 Bxc3 17. Naxc3 Ba6 18. Rad1 Bxd3 19. Rxd3 Na6 20. Rd2 cxd5 21. Nxd5 f5 22. e5 Qe8 23. Nef4 g5 24. Ng6 Rf7 25. Bxg5 Nc5 26. Nge7+ Rxe7 27. Nxe7+ Kh7 28. Rd6 Ne4 29. Rh6+ Kg7 30. Nxf5+ Kg8 31. Bf6 Nxf6 32. exf6 Ra7 33. Ne7+ Rxe7 34. fxe7 Qxe7 35. Rxh5 Qb4 36. Rhf5 Qxb2 37. R5f4 Qb6+ 38. Kh1 Qe3 39. h3 Qe5 40. R1f3 Kh7 41. Rh4+ Kg6 42. Rg4+ Kh5 43. Rfg3 Qc7 44. Rg5+ Kh6 45. Rg6+ Kh5 46. R3g5+ Kh4 47. g3+ 1-0

[Event "Vojvodina-chT"]
[Site "Pancevo"]
[Date "2005.10.04"]
[Round "2"]
[White "Pezelj, Novak"]
[Black "Cernicek, Djura"]
[Result "1-0"]
[WhiteElo "2333"]
[BlackElo "2149"]
[PlyCount "54"]
[EventDate "2005.10.03"]
[EventType "team"]
[EventRounds "9"]
[EventCountry "YUG"]
[SourceTitle "CBM 108 Extra"]
[Source "ChessBase"]
[SourceDate "2005.11.04"]
[SourceVersion "1"]
[SourceVersionDate "2005.11.04"]
[SourceQuality "1"]

1. e4 c6 2. d4 d5 3. Nc3 dxe4 4. Nxe4 Bf5 5. Ng3 Bg6 6. Nf3 Nd7 7. Be2 e6 8. 0-0 Ngf6 9. c4 Be7 10. Bf4 0-0 11. Qb3 Qb6 12. Qxb6 axb6 13. Nh4 Ra5 14. Nxg6 hxg6 15. a3 c5 16. Be3 Rc8 17. Rfd1 cxd4 18. Bxd4 e5 19. b4 Raa8 20. Bb2 Rc7 21. Rd2 Kf8 22. Rad1 Ke8 23. c5 bxc5 24. Bb5 Rc6 25. bxc5 Bxc5 26. Bxc6 bxc6 27. Rc2 Ra5 1-0

[Event "SCG-chT Vojvodina"]
[Site "Sombor"]
[Date "2004.09.27"]
[Round "4.4"]
[White "Dragojlovic, Andjelko"]
[Black "Cernicek, Djura"]
[Result "1-0"]
[WhiteElo "2309"]
[BlackElo "2178"]
[PlyCount "45"]
[EventDate "2004.09.25"]
[EventType "team"]
[EventRounds "11"]
[EventCountry "YUG"]
[SourceTitle "CBM 102 Extra"]
[Source "ChessBase"]
[SourceDate "2004.11.03"]
[SourceVersion "1"]
[SourceVersionDate "2004.11.03"]
[SourceQuality "1"]
[WhiteTeam "02"]
[BlackTeam "11"]
[WhiteTeamCountry "YUG"]
[BlackTeamCountry "YUG"]

1. e4 c5 2. Nf3 e6 3. d3 Nc6 4. g3 b6 5. Bg2 Bb7 6. 0-0 d6 7. c4 g6 8. d4 Bg7 9. d5 Nd4 10. Nxd4 cxd4 11. Na3 Ne7 12. Nc2 e5 13. f4 0-0 14. f5 a6 15. b4 h6 16. a4 b5 17. Qd3 bxc4 18. Qxc4 gxf5 19. exf5 a5 20. Na3 Ba6 21. Nb5 Bxb5 22. axb5 Qb6 23. Bd2 1-0

[Event "SCG-chT Vojvodina"]
[Site "Sombor"]
[Date "2004.09.26"]
[Round "3.5"]
[White "Seguljev, Dragisa"]
[Black "Cernicek, Djura"]
[Result "1-0"]
[WhiteElo "2034"]
[BlackElo "2178"]
[PlyCount "97"]
[EventDate "2004.09.25"]
[EventType "team"]
[EventRounds "11"]
[EventCountry "YUG"]
[SourceTitle "CBM 102 Extra"]
[Source "ChessBase"]
[SourceDate "2004.11.03"]
[SourceVersion "1"]
[SourceVersionDate "2004.11.03"]
[SourceQuality "1"]
[WhiteTeam "09"]
[BlackTeam "11"]
[WhiteTeamCountry "YUG"]
[BlackTeamCountry "YUG"]

1. e4 c6 2. d4 d5 3. Nc3 dxe4 4. Nxe4 Bf5 5. Ng3 Bg6 6. Nf3 Nd7 7. Bc4 e6 8. 0-0 Ngf6 9. Re1 Be7 10. Qe2 Nd5 11. Bxd5 cxd5 12. c4 Nf6 13. cxd5 Qxd5 14. Ne5 0-0 15. Nxg6 hxg6 16. Be3 Rac8 17. Qd3 Rfd8 18. Qd1 Rc6 19. Ne2 Bb4 20. Bd2 Bxd2 21. Qxd2 e5 22. Red1 Rcd6 23. Qc2 Qe4 24. Rd3 exd4 25. Rad1 Re6 26. Ng3 Qe5 27. h3 Red6 28. Qd2 a6 29. Ne2 Ne4 30. Qb4 Nxf2 31. Kxf2 Rf6+ 32. Ke1 Re8 33. R1d2 Qh2 34. Kd1 Qxg2 35. Nxd4 Rf1+ 36. Kc2 Rc8+ 37. Rc3 Qe4+ 38. Kb3 Qd5+ 39. Ka3 Re8 40. Nb3 Qg5 41. Qxb7 Rf4 42. Rd5 Qh4 43. Qd7 Rb8 44. Rd4 Rxb3+ 45. axb3 Rxd4 46. Qe8+ Kh7 47. Rc8 g5 48. Qxf7 Qf4 49. Qh5# 1-0